01003nam a2200313Ia 4500001000700000003000500007008004100012010001100053020002200064040000900086082001600095100001800111240003400129245009600163260003000259300001100289500005100300503003600351504002100387650001900408650003900427650003100466650003700497650003100534650004200565650002300607650002900630700003000659Z_6526CHAP220113s9999 xx 000 0 und d a169793 a978-84-282-0813-0 cCHAP a636.507 G73 aGraham, Chris aChoosing and keeping chickens aElección y cría de pollos y gallinas /cChris Graham; traducción Núria Fernández aEspaña :bOmega,c  a207 p. aTraducción de: Choosing and keeping chickens aej.1: consumo (no tiene sellos) aInlcuye índice aAves de corral aAves de corral xx Construcciones aAves de corral xx Cruzas aAves de corral xx Mejoramiento aPollos xx Alimentación aPollos xx Anatomía y fisiología aPollos xx Cría aPollos xx Enfermedades aFernández, Núria, tr.